Aplicacin̤ contable para pequeąs y medianas empresas Pymes bajo NIIF /

Bibliographic Details
Main Author: Godoy Ramr̕ez, Eduardo
Format: eBook
Language:Spanish
Published: Bogot:̀ Grupo Editorial Nueva Legislacin̤, 2016
Subjects:
Online Access:Acceso restringido

MARC

LEADER 00000nam a22000007a 4500
005 20180925231431.0
007 cr|||| ||||
008 180925s2016 co |||||s|||| 00||0 spa d
020 |a 978-958-59514-2-6 
035 |a 21936 
040 |a vLex 
090 |c 8112  |d 8112 
100 1 |a Godoy Ramr̕ez, Eduardo 
245 1 0 |a Aplicacin̤ contable para pequeąs y medianas empresas  |h [Recurso electrn̤ico] :  |b Pymes bajo NIIF /  |c Eduardo Godoy Ramr̕ez 
256 |a Servicio en ln̕ea 
260 |a Bogot:̀  |b Grupo Editorial Nueva Legislacin̤,  |c 2016 
300 |a 1 recurso electrn̤ico 
506 1 |a Disponible solo en los productos indicados  |d vLex Global  |d vLex Global (Academic Edition, excluding Law Schools)  |d vLex Global (U.S. Academic Edition, Law Schools)  |d vLex Global (U.S. Academic Edition, excluding Law Schools)  |d vLex Global (Academic Edition, Law Schools) 
650 0 4 |a Derecho Mercantil y de la Empresa  |z Colombia 
650 0 4 |a Financiero  |z Colombia 
650 0 4 |a Economa̕ y negocios  |z Colombia 
650 0 4 |a Contabilidad  |z Colombia 
740 0 |a vLex Libros (Servicio en ln̕ea) 
856 4 0 |u http://vlex.com/source/aplicacion-contable-para-peque-as-y-medianas-empresas-pymes-bajo-niif-21936  |z Acceso restringido 
942 |c BOOK 
999 0 |a Business and Company Law 
999 0 |a Financial 
999 0 |a Economy and business 
999 0 |a Accounting